000 00378nam a2200157Ia 4500
003 LK-CoDNM
008 010623t1983 xxu||||| |||| 00| 1 eng d
040 _aLK-CoDNM
_dLK-CoDNM
_eLK-CoDNM
041 _aeng
080 _ax 92 RIT
245 _aRitigala
260 _bMinistry of cultural affairs
_aSri Lanka
_c1983
300 _b35, 22 cm
650 _aRitigala
942 _cBK
999 _c112162
_d112162